Central Library OPAC University of Rajshahi

Nahjul balagha / (Record no. 57082)

MARC details
000 -LEADER
fixed length control field 00899nam a2200265 a 4500
001 - CONTROL NUMBER
control field 57082
003 - CONTROL NUMBER IDENTIFIER
rucl marc code BD-RjUL
005 - DATE AND TIME OF LATEST TRANSACTION
control field 20211209080451.0
008 - FIXED-LENGTH DATA ELEMENTS--GENERAL INFORMATION
fixed length control field 161205s2009 pk 000 0 eng
035 ## - SYSTEM CONTROL NUMBER
System control number (BD-RjUL)57206
040 ## - CATALOGING SOURCE
Original cataloging agency DLC
Transcribing agency DLC
Modifying agency BD-RjUL
Language of cataloging eng
041 1# - LANGUAGE CODE
Language code of text/sound track or separate title eng
Language code of original urd
-- ara
082 00 - DEWEY DECIMAL CLASSIFICATION NUMBER
Classification number 297.124
Edition number 23
Author mark and year SHN 2009
100 1# - MAIN ENTRY--PERSONAL NAME
Personal name Sharīf al-Raḍī, Muḥammad ibn al-Ḥusayn,
Dates associated with a name 969 or 970-1016.
9 (RLIN) 169573
245 10 - TITLE STATEMENT
Title Nahjul balagha /
Statement of responsibility, etc. [translated in English along with notes contained in the Urdu translation] by Jafar Husain.
250 ## - EDITION STATEMENT
Edition statement 9th ed.
260 ## - PUBLICATION, DISTRIBUTION, ETC. (IMPRINT)
Place of publication, distribution, etc. Karachi :
Name of publisher, distributor, etc. Peermahomed Ebrahim Trust,
Date of publication, distribution, etc. 2009
300 ## - PHYSICAL DESCRIPTION
Pagination 3 v. ;
Size 22 cm.
500 ## - GENERAL NOTE
General note Also attributed to ʻAli ibn Abi Talib, Caliph.
General note Translation of Nahj al-balāghah.
650 #0 - SUBJECT ADDED ENTRY--TOPICAL TERM
Topical term or geographic name as entry element Hadith (Shiites)
Form subdivision Texts.
9 (RLIN) 169574
942 ## - ADDED ENTRY ELEMENTS (KOHA)
Source of classification or shelving scheme Dewey Decimal Classification
Koha item type Books
Holdings
Lost status Source of classification or shelving scheme Damaged status Not for loan Collection code Permanent Location Current Location Shelving location Date acquired Source of acquisition Cost, normal purchase price Total Checkouts Full call number Date last seen Copy number Koha item type
  Dewey Decimal Classification   Not For Loan Non-fiction Central Library, University of Rajshahi Central Library, University of Rajshahi Reading Room 04/07/2013 dhaka, paragon Enterprice ltd. 11900.00   297.124 SHN 2009 05/12/2016 C-1 Books